00897cam a22002411 450000100060000000300080000600500170001400800390003103500190007004000320008904100080012108200200012910000590014924500740020826000490028230000330033150400640036465000240042870000290045294200120048199900170049395201450051035125BD-RjUL20211209052250.0140521r19591943nyua b 001 0 eng a(BD-RjUL)35219 aDLCcDLCdDLCdBD-RjULbeng aeng a519.5bWOT 19591 aWorthing, Archie G.q(Archie Garfield),d1881-910695810aTreatment of experimental data /cArchie G. Worthing, Joseph Geffner. aNew York :bJ. Wiley,cc1943 [printing 1959] aix, 344 p. :bill. ;c23 cm. aIncludes bibliographical references (p. 337-338) and index. 0aStatistics.91069591 aGeffner, Joseph.9106960 2ddccBK c35125d35125 00102ddc40718NFICaRUCLbRUCLcReadingd1961-11-15eS.M. Miraza Lahorg0.00l0o519.5 WOT 1959r2014-05-21 00:00:00tC-1w2021-12-09yBK